00398 a2200157 4500001000700000020001800007040002200025041001600047082002300063100003700086245005200123250001000175260003400185300000800219362001300227137994 a9788530980252 cLeonardo Da Vinci aPortuguês a340.2 R672sbR672s aROCHA, José Manuel de Sacadura aSociologia jurídicabfundamentos e fronteiras a5. ed bForensec2018aRio de Janeiro a276 a20180000